| 000 | 00325nam a2200121Ia 4500 | ||
|---|---|---|---|
| 008 | 191129s9999 xx 000 0 und d | ||
| 020 | _a9789710545032 | ||
| 100 | _aOng, Bob | ||
| 245 |
_cBob Ong _aAng Mga kaibigan ni mama susan/ |
||
| 260 |
_aManila: _bVisprint, Inc. _c2010 |
||
| 300 |
_a127 p. ; _c18 cm. |
||
| 650 | _aFiction | ||
| 999 |
_c362759 _d362759 |
||